Представление документа в формате MARC21

ПолеНазваниеЗначение
  Тип записи a
  Библиографический уровень m
001 Контрольный номер RU/URAIT/587516
005 Дата корректировки 20260429163656.8
008 Кодируемые данные 260429s2026 RU y f j 000 0 rus u
020 Индекс ISBN __
a ISBN 978-5-534-15031-5
c Цена, тираж 2199.00
040 Источник каталогиз. __
a Служба первич. каталог. ИКО Юрайт
c Служба, преобразующая запись ИКО Юрайт
e Правила каталог. RCR
041 Код языка издания __
a Код языка текста rus
044 Код страны публикации __
a Код страны публикации RU
080 Индекс УДК __
a Индекс УДК 616.89(075.8)
084 Индекс другой классификации/Индекс ББК __
2 Источник индекса rubbk
a Индекс другой классификации/Индекс ББК 56.14я73
100 Автор __
a Автор Дмитриева Т. Б.
q Полное имя Дмитриева Татьяна Борисовна
245 Заглавие __
a Заглавие Этнокультуральная психиатрия
b Продолж. заглавия учебник для вузов
c Ответственность Т. Б. Дмитриева, Б. С. Положий.
250 Сведения об издании __
a Основные сведения об издании 2-е изд.
256 Характеристики компьютерного файла __
a Характеристики компьютерного файла Электрон. дан.
260 Выходные данные __
a Место издания Москва
b Издательство Юрайт
c Дата издания 2026
300 Физическое описание __
a Объем 424 с
440 Серия __
a Серия Высшее образование
500 Примечания __
a Примечание URL: https://urait.ru/bcode/587516 (дата обращения: 29.04.2026).
520 Аннотация __
a Аннотация В книге рассматриваются этнокультуральные особенности психического здоровья и психических расстройств. Их возникновение преломляется сквозь призму исторически сложившихся особенностей культуры, присущих каждому этносу. Недоучет этнокультуральных особенностей может вести к ошибочной диагностике психических заболеваний, низкой эффективности лечения и реабилитации больных, не говоря уже о профилактике и охране психического здоровья. Для врачей-психиатров, психологов, социологов, культурологов, этнографов, а также для лиц, проходящих обучение по данным специальностям.
538 Прим. о системных особенностях __
a Прим. о системных особенностях Режим доступа: Электронно-библиотечная система Юрайт, для авториз. пользователей
653 Ключевые слова __
a Ключевые слова Клиническая и медицинская психология. Патопсихология. Психиатрия
653 Ключевые слова __
a Ключевые слова Медицина и фармакология
653 Ключевые слова __
a Ключевые слова Психиатрия
653 Ключевые слова __
a Ключевые слова Психология отклоняющегося поведения
653 Ключевые слова __
a Ключевые слова Психология стресса и стрессоустойчивого поведения
653 Ключевые слова __
a Ключевые слова Методы оценки риска девиантного поведения
653 Ключевые слова __
a Ключевые слова Психиатрия и наркология
653 Ключевые слова __
a Ключевые слова Психиатрия, медицинская психология
653 Ключевые слова __
a Ключевые слова Психология девиантного поведения
653 Ключевые слова __
a Ключевые слова Психология и психопатология девиантного поведения
653 Ключевые слова __
a Ключевые слова Мотивация поведения социального индивида
653 Ключевые слова __
a Ключевые слова Девиантное поведение подростков
653 Ключевые слова __
a Ключевые слова Детская и подростковая психиатрия
653 Ключевые слова __
a Ключевые слова Психология поведения
653 Ключевые слова __
a Ключевые слова Социальная психология этнических групп
653 Ключевые слова __
a Ключевые слова Социально-психологические аспекты различных форм зависимого поведения
653 Ключевые слова __
a Ключевые слова Основы психиатрии
653 Ключевые слова __
a Ключевые слова Кросс-культурная и этническая психология
653 Ключевые слова __
a Ключевые слова Психология девиантного и аддиктивного поведения
653 Ключевые слова __
a Ключевые слова Профилактика социально опасного поведения подростков
653 Ключевые слова __
a Ключевые слова Суицидология и психология аутодеструктивного поведения
653 Ключевые слова __
a Ключевые слова Детская социальная психиатрия
653 Ключевые слова __
a Ключевые слова Этнопсихологические особенности культуры
653 Ключевые слова __
a Ключевые слова Этнокультуральная психиатрия
653 Ключевые слова __
a Ключевые слова Социология и психология девиантного поведения
653 Ключевые слова __
a Ключевые слова Социология девиантного поведения
653 Ключевые слова __
a Ключевые слова Подростковая психиатрия
653 Ключевые слова __
a Ключевые слова Общая психопатология. Психические расстройства и расстройства поведения
653 Ключевые слова __
a Ключевые слова Психиатрия-наркология
653 Ключевые слова __
a Ключевые слова Геронтопсихиатрия
653 Ключевые слова __
a Ключевые слова Детская психиатрия
653 Ключевые слова __
a Ключевые слова Социальная психиатрия
653 Ключевые слова __
a Ключевые слова Социализация и риски асоциального поведения
653 Ключевые слова __
a Ключевые слова Профилактика девиантного поведения
653 Ключевые слова __
a Ключевые слова Этнопсихологические основы профилактики девиантного поведения
653 Ключевые слова __
a Ключевые слова Девиантное поведение молодежи
653 Ключевые слова __
a Ключевые слова Анализ социального поведения в современной России
653 Ключевые слова __
a Ключевые слова Психология аутодеструктивного поведения и его профилактика
653 Ключевые слова __
a Ключевые слова Профилактика девиантных форм поведения
653 Ключевые слова __
a Ключевые слова Социология девиантно-делинквентного поведения
653 Ключевые слова __
a Ключевые слова Этнопсихологические аспекты поведения
653 Ключевые слова __
a Ключевые слова Профилактика социальной дезадаптации и девиаций поведения
653 Ключевые слова __
a Ключевые слова Психология и физиология адаптивного поведения
653 Ключевые слова __
a Ключевые слова Профилактика рисков девиантного поведения несовершеннолетних
653 Ключевые слова __
a Ключевые слова Частная психиатрия
653 Ключевые слова __
a Ключевые слова Этнокультура и этнопсихология
653 Ключевые слова __
a Ключевые слова Психиатрия и медицинская психология
653 Ключевые слова __
a Ключевые слова Психопрофилактика суицидального поведения
653 Ключевые слова __
a Ключевые слова Психиатрия. Общие вопросы
653 Ключевые слова __
a Ключевые слова Психология отклоняющего поведения
653 Ключевые слова __
a Ключевые слова Этническая психология
653 Ключевые слова __
a Ключевые слова Этническая и кросс-культурная психология
653 Ключевые слова __
a Ключевые слова Психология суицидального и самоповреждающего поведения
653 Ключевые слова __
a Ключевые слова Психология суицидального и самоповреждающего поведения детей и подростков
653 Ключевые слова __
a Ключевые слова Социокультурная детерминация девиантного поведения
653 Ключевые слова __
a Ключевые слова Психология и профилактика девиантного поведения
653 Ключевые слова __
a Ключевые слова Пограничная психиатрия
653 Ключевые слова __
a Ключевые слова Профилактика социальной дезадаптации, аддикции и девиации поведения
700 Другие авторы __
a Другие авторы Положий Б. С.
q Полное имя Положий Борис Сергеевич
856 Электронный адрес документа 40
n Местонахождение сервера Юрайт
g Электронная книга
q Тип электронного формата html
h Имя пользователя ЮРАЙТ
v Часы доступа к ресурсу 20271231
2 Способ доступа Показать документ
x Служебное примечание https://urait.ru/book/cover/C0E4A2AD-EC2B-4D30-A4ED-AF718DBAAF27
u URL https://urait.ru/bcode/587516
856 Электронный адрес документа 48
q Тип электронного формата cover
u URL https://urait.ru/book/cover/C0E4A2AD-EC2B-4D30-A4ED-AF718DBAAF27
911 __
u 0030=https://urait.ru/bcode/587516
911 __
u 073a=9785534150315
u 073d=2199.00
911 __
u 106a=s
911 __
u 900l=
952 Тип литературы __
i Дисциплина Психиатрия
952 Тип литературы __
i Дисциплина Психология отклоняющегося поведения
952 Тип литературы __
i Дисциплина Психология стресса и стрессоустойчивого поведения
952 Тип литературы __
i Дисциплина Методы оценки риска девиантного поведения
952 Тип литературы __
i Дисциплина Психиатрия и наркология
952 Тип литературы __
i Дисциплина Психиатрия, медицинская психология
952 Тип литературы __
i Дисциплина Психология девиантного поведения
952 Тип литературы __
i Дисциплина Психология и психопатология девиантного поведения
952 Тип литературы __
i Дисциплина Мотивация поведения социального индивида
952 Тип литературы __
i Дисциплина Девиантное поведение подростков
952 Тип литературы __
i Дисциплина Детская и подростковая психиатрия
952 Тип литературы __
i Дисциплина Психология поведения
952 Тип литературы __
i Дисциплина Социальная психология этнических групп
952 Тип литературы __
i Дисциплина Социально-психологические аспекты различных форм зависимого поведения
952 Тип литературы __
i Дисциплина Основы психиатрии
952 Тип литературы __
i Дисциплина Кросс-культурная и этническая психология
952 Тип литературы __
i Дисциплина Психология девиантного и аддиктивного поведения
952 Тип литературы __
i Дисциплина Профилактика социально опасного поведения подростков
952 Тип литературы __
i Дисциплина Суицидология и психология аутодеструктивного поведения
952 Тип литературы __
i Дисциплина Детская социальная психиатрия
952 Тип литературы __
i Дисциплина Этнопсихологические особенности культуры
952 Тип литературы __
i Дисциплина Этнокультуральная психиатрия
952 Тип литературы __
i Дисциплина Социология и психология девиантного поведения
952 Тип литературы __
i Дисциплина Социология девиантного поведения
952 Тип литературы __
i Дисциплина Подростковая психиатрия
952 Тип литературы __
i Дисциплина Общая психопатология. Психические расстройства и расстройства поведения
952 Тип литературы __
i Дисциплина Психиатрия-наркология
952 Тип литературы __
i Дисциплина Геронтопсихиатрия
952 Тип литературы __
i Дисциплина Детская психиатрия
952 Тип литературы __
i Дисциплина Социальная психиатрия
952 Тип литературы __
i Дисциплина Социализация и риски асоциального поведения
952 Тип литературы __
i Дисциплина Профилактика девиантного поведения
952 Тип литературы __
i Дисциплина Этнопсихологические основы профилактики девиантного поведения
952 Тип литературы __
i Дисциплина Девиантное поведение молодежи
952 Тип литературы __
i Дисциплина Анализ социального поведения в современной России
952 Тип литературы __
i Дисциплина Психология аутодеструктивного поведения и его профилактика
952 Тип литературы __
i Дисциплина Профилактика девиантных форм поведения
952 Тип литературы __
i Дисциплина Социология девиантно-делинквентного поведения
952 Тип литературы __
i Дисциплина Этнопсихологические аспекты поведения
952 Тип литературы __
i Дисциплина Профилактика социальной дезадаптации и девиаций поведения
952 Тип литературы __
i Дисциплина Психология и физиология адаптивного поведения
952 Тип литературы __
i Дисциплина Профилактика рисков девиантного поведения несовершеннолетних
952 Тип литературы __
i Дисциплина Частная психиатрия
952 Тип литературы __
i Дисциплина Этнокультура и этнопсихология
952 Тип литературы __
i Дисциплина Психиатрия и медицинская психология
952 Тип литературы __
i Дисциплина Психопрофилактика суицидального поведения
952 Тип литературы __
i Дисциплина Психиатрия. Общие вопросы
952 Тип литературы __
i Дисциплина Психология отклоняющего поведения
952 Тип литературы __
i Дисциплина Этническая психология
952 Тип литературы __
i Дисциплина Этническая и кросс-культурная психология
952 Тип литературы __
i Дисциплина Психология суицидального и самоповреждающего поведения
952 Тип литературы __
i Дисциплина Психология суицидального и самоповреждающего поведения детей и подростков
952 Тип литературы __
i Дисциплина Социокультурная детерминация девиантного поведения
952 Тип литературы __
i Дисциплина Психология и профилактика девиантного поведения
952 Тип литературы __
i Дисциплина Пограничная психиатрия
952 Тип литературы __
i Дисциплина Профилактика социальной дезадаптации, аддикции и девиации поведения